000 00657nam a2200241 i 4500
001 C2-0331735
003 PPAK
005 20180728132051.0
008 150630s2015 my |||| ||||| | may d
020 _a9789678605274
040 _aPPAK
_beng
_cPPAK
_erda
082 0 4 _a899.233
_223
090 0 0 _a899.233
_bAIR
_dG
100 0 _aAireen Erina,
_eauthor
245 1 0 _aMama, dia saya punya!
264 1 _aShah Alam, Selangor :
_bGrup Buku Karangkraf Sdn. Bhd. ,
_c2015
300 _a487 pages ;
_c19 cm
336 _2rdacontent
_atext
337 _2rdamedia
_aunmediated
338 _2rdacarrier
_avolume
650 1 0 _aMalay fiction.
942 _ddc
_cB
999 _c130440
_d130440